| 000 | 00904nam a2200253Ia 4500 | ||
|---|---|---|---|
| 003 | OSt | ||
| 005 | 20221005103300.0 | ||
| 006 | a|||||r|||| 00| 0 | ||
| 007 | ta | ||
| 008 | 221004b |||||||| |||| 00| 0 hin d | ||
| 024 | _a31160 | ||
| 037 | _cTextual | ||
| 040 |
_aCRL _cCRL _bhin |
||
| 041 |
_2hin _ahin |
||
| 082 | _aR, 152M0 | ||
| 100 | _aसिंह, जयदेव | ||
| 245 | 0 | _aपाश्चात्य दर्शन की मुख्य अवधारणाएं | |
| 246 | _aPāshchātya darshan kī mukhya avadhāraṇāean | ||
| 250 | _aद्वितीय संस्करण | ||
| 260 |
_aगाजियाबाद _bविकास पब्लिशिंग हाउस प्रा. लि. भारत _c1980 |
||
| 300 |
_a174पृ. _ccm. |
||
| 942 |
_hR, 152M0 _cTEXL _2cc |
||
| 999 |
_c1009790 _d1009790 |
||